| 000 | 00781cam a2200229 a 4500 | ||
|---|---|---|---|
| 001 | 000004598 | ||
| 005 | 20200929151452.0 | ||
| 008 | 790517s1985 cl 000 d spa d | ||
| 040 |
_aDO-SdBNP _cNmLcU _dOCoLC _dUSlW _dDLC |
||
| 082 |
_a832.6 _bG599faus |
||
| 100 | 1 |
_aGoethe, Johann Wolfgang Von, _d1749-1832 _912995 |
|
| 245 | 1 | 0 |
_aFausto / _cJohann Wolfgang Goethe. |
| 260 |
_aSantiago de Chile : _bErcilla, _c1985. |
||
| 300 |
_a269 p. ; _c18 cm. |
||
| 490 | 1 |
_aBiblioteca Ercilla. Los mejores libros de la literatura universal _v10 |
|
| 650 | 4 |
_aTeatro alemán _912996 |
|
| 650 | 4 |
_aLiteratura alemana _93274 |
|
| 830 | 0 |
_aBiblioteca Ercilla. Los mejores libros de la literatura universal ; _v10 _98200 |
|
| 910 | _aCatalogación derivada / LC | ||
| 910 | _aWM | ||
| 049 | _aBNGR | ||
| 999 |
_c4406 _d4406 |
||